Every United States Senator of the 21st Century - Statistics

General Stats
  • This quiz has been taken 10 times
    5 since last reset
  • The average score is 203 of 267
Answer Stats
State Party Term Answer % Correct
California Democratic 2024- Adam Schiff
100%
California Democratic 2021- Alex Padilla
100%
Minnesota Democratic 2009-2018 Al Franken
100%
Minnesota Democratic 2007- Amy Klobuchar
100%
Maryland Democratic 2025- Angela Alsobrooks
100%
Maine Independent 2013- Angus King
100%
Florida Republican 2025- Ashley Moody
100%
Illinois Democratic 2005-2008 Barack Obama
100%
California Democratic 1993-2017 Barbara Boxer
100%
Maryland Democratic 1987-2017 Barbara Mikulski
100%
Maryland Democratic 2007-2025 Ben Cardin
100%
Nebraska Democratic 2001-2013 Ben Nelson
100%
Colorado Republican 1993-2005 Ben Nighthorse Campbell
100%
Nebraska Republican 2015-2023 Ben Sasse
100%
Louisiana Republican 2015- Bill Cassidy
100%
Florida Democratic 2001-2019 Bill Nelson
100%
Arkansas Democratic 1999-2011 Blanche Lincoln
100%
Florida Democratic 1987-2005 Bob Graham
100%
New Hampshire Republican 1990-2003 Bob Smith
100%
Michigan Democratic 1979-2015 Carl Levin
100%
Delaware Democratic 2010- Chris Coons
100%
Connecticut Democratic 1981-2011 Chris Dodd
100%
Connecticut Democratic 2013- Chris Murphy
100%
Maryland Democratic 2017- Chris Van Hollen
100%
Iowa Republican 1981- Chuck Grassley
100%
New York Democratic 1999- Chuck Schumer
100%
Mississippi Republican 2018- Cindy Hyde-Smith
100%
Colorado Republican 2015-2021 Cory Gardner
100%
Hawaii Democratic 1990-2013 Daniel Akaka
100%
Hawaii Democratic 1963-2012 Daniel Inouye
100%
Alaska Republican 2015- Dan Sullivan
100%
Georgia Republican 2015-2021 David Perdue
100%
Louisiana Republican 2005-2017 David Vitter
100%
Nebraska Republican 2013- Deb Fischer
100%
California Democratic 1992-2023 Dianne Feinstein
100%
Illinois Democratic 1997- Dick Durbin
100%
Alabama Republican 2023- Katie Britt
100%
Alabama Democratic 2018-2021 Doug Jones
100%
Massachusetts Democratic 2013- Ed Markey
100%
Michigan Democratic 2025- Elissa Slotkin
100%
Massachusetts Democratic 2013- Elizabeth Warren
100%
Indiana Democratic 1999-2011 Evan Bayh
100%
Alaska Republican 1981-2002 Frank Murkowski
100%
Michigan Democratic 2015- Gary Peters
100%
Oregon Republican 1997-2009 Gordon Smith
100%
Nevada Democratic 1987-2017 Harry Reid
100%
Arizona Republican 2013-2019 Jeff Flake
100%
Alabama Republican 1997-2017 Jeff Sessions
100%
Kansas Republican 2011- Jerry Moran
100%
Idaho Republican 2009- Jim Risch
100%
Delaware Democratic 1973-2009 Joe Biden
100%
Indiana Democratic 2013-2019 Joe Donnelly
100%
Connecticut Democratic 1989-2013 Joe Lieberman
100%
Missouri Republican 1995-2001 John Ashcroft
100%
Arkansas Republican 2011- John Boozman
100%
Nevada Republican 2001-2011 John Ensign
100%
Colorado Democratic 2021- John Hickenlooper
100%
Louisiana Republican 2017- John Kennedy
100%
Massachusetts Democratic 1985-2013 John Kerry
100%
Arizona Republican 1987-2018 John McCain
100%
Georgia Republican 2005-2019 Johnny Isakson
100%
Iowa Republican 2015- Joni Ernst
100%
Arizona Republican 1995-2013; 2018 Jon Kyl
100%
Georgia Democratic 2021- Jon Ossoff
100%
Montana Democratic 2007-2025 Jon Tester
100%
Missouri Republican 2019- Josh Hawley
100%
California Democratic 2017-2021 Kamala Harris
100%
Georgia Republican 2020-2021 Kelly Loeffler
100%
Arizona Democratic/Independent 2019-2025 Kyrsten Sinema
100%
California Democratic 2023-2024 Laphonza Butler
100%
Idaho Republican 1991-2009 Larry Craig
100%
South Carolina Republican 2003- Lindsey Graham
100%
Delaware Democratic 2025- Lisa Blunt Rochester
100%
Alaska Republican 2002- Lisa Murkowski
100%
Alabama Republican 2017-2018 Luther Strange
100%
Florida Republican 2011-2025 Marco Rubio
100%
Alaska Democratic 2009-2015 Mark Begich
100%
Arizona Democratic 2020- Mark Kelly
100%
Illinois Republican 2010-2017 Mark Kirk
100%
Arkansas Democratic 2003-2015 Mark Pryor
100%
Colorado Democratic 2009-2015 Mark Udall
100%
Arizona Republican 2019-2020 Martha McSally
100%
Louisiana Democratic 1997-2015 Mary Landrieu
100%
Hawaii Democratic 2013- Mazie Hirono
100%
Florida Republican 2005-2009 Mel Martinez
100%
Colorado Democratic 2009- Michael Bennet
100%
Indiana Republican 2019-2025 Mike Braun
100%
Idaho Republican 1999- Mike Crapo
100%
Utah Republican 2011- Mike Lee
100%
Kentucky Republican 1985- Mitch McConnell
100%
Minnesota Republican 2003-2009 Norm Coleman
100%
Maine Republican 1995-2013 Olympia Snowe
100%
Kansas Republican 1997-2021 Pat Roberts
100%
Massachusetts Democratic 2009-2010 Paul Kirk
100%
Maryland Democratic 1977-2007 Paul Sarbanes
100%
Nebraska Republican 2023- Pete Ricketts
100%
Kentucky Republican 2011- Rand Paul
100%
Georgia Democratic 2021- Raphael Warnock
100%
Connecticut Democratic 2011- Richard Blumenthal
100%
North Carolina Republican 2005-2023 Richard Burr
100%
Indiana Republican 1977-2013 Richard Lugar
100%
Florida Republican 2019- Rick Scott
100%
Kansas Republican 2021- Roger Marshall
100%
Mississippi Republican 2007- Roger Wicker
100%
Illinois Democratic 2009-2010 Roland Burris
100%
Missouri Republican 2011-2023 Roy Blunt
100%
Kansas Republican 1996-2011 Sam Brownback
100%
Massachusetts Republican 2010-2013 Scott Brown
100%
Ohio Democratic 2007-2025 Sherrod Brown
100%
Montana Republican 2015- Steve Daines
100%
Maine Republican 1997- Susan Collins
100%
Illinois Democratic 2017- Tammy Duckworth
100%
Massachusetts Democratic 1962-2009 Ted Kennedy
100%
Alaska Republican 1968-2009 Ted Stevens
100%
Mississippi Republican 1978-2018 Thad Cochran
100%
South Carolina Republican 2013- Tim Scott
100%
Minnesota Democratic 2018- Tina Smith
100%
Indiana Republican 2017- Todd Young
100%
Delaware Democratic 2001-2025 Tom Carper
100%
Arkansas Republican 2015- Tom Cotton
100%
Iowa Democratic 1985-2015 Tom Harkin
100%
Alabama Republican 2021- Tommy Tuberville
100%
New Mexico Democratic 2009-2021 Tom Udall
100%
Mississippi Republican 1989-2007 Trent Lott
100%
Georgia Democratic 2000-2005 Zell Miller
100%
New Jersey Democratic 2024- Andy Kim
75%
New Mexico Democratic 2021- Ben Ray Lujan
75%
Vermont Independent 2007- Bernie Sanders
75%
Utah Republican 1999-2011 Bob Bennett
75%
Pennsylvania Democratic 2007-2025 Bob Casey
75%
Nebraska Democratic 1989-2001 Bob Kerrey
75%
New Jersey Democratic 2006-2024 Bob Menendez
75%
Hawaii Democratic 2012- Brian Schatz
75%
Nevada Democratic 2017- Catherine Cortez Masto
75%
Missouri Democratic 2007-2019 Claire McCaskill
75%
Montana Republican 1989-2007 Conrad Burns
75%
New Jersey Democratic 2013- Cory Booker
75%
Pennsylvania Republican 2025- Dave McCormick
75%
Nevada Republican 2011-2019 Dean Heller
75%
Michigan Democratic 2001-2025 Debbie Stabenow
75%
Missouri Republican 2023- Eric Schmitt
75%
New Jersey Democratic 1982-2001; 2003-2013 Frank Lautenberg
75%
Florida Republican 2009-2011 George LeMieux
75%
North Dakota Democratic 2013-2019 Heidi Heitkamp
75%
Oklahoma Republican 2015- James Lankford
75%
Ohio Republican 2023-2025 JD Vance
75%
Indiana Republican 2025- Jim Banks
75%
Kentucky Republican 1999-2011 Jim Bunning
75%
Utah Republican 2025- John Curtis
75%
Pennsylvania Democratic 2023- John Fetterman
75%
North Dakota Republican 2011- John Hoeven
75%
New Hampshire Republican 2003-2009 John Sununu
75%
Virginia Republican 1979-2009 John Warner
75%
Ohio Republican 2025- Jon Husted
75%
New Hampshire Republican 2011-2017 Kelly Ayotte
75%
Colorado Democratic 2005-2009 Ken Salazar
75%
New York Democratic 2009- Kristen Gillibrand
75%
New Hampshire Democratic 2017- Maggie Hassan
75%
Minnesota Democratic 2001-2007 Mark Dayton
75%
Virginia Democratic 2009- Mark Warner
75%
Oklahoma Republican 2023- Markwayne Mullin
75%
New Mexico Democratic 2013- Martin Heinrich
75%
Montana Democratic 1978-2014 Max Baucus
75%
Utah Republican 2019-2025 Mitt Romney
75%
Pennsylvania Republican 2011-2023 Pat Toomey
75%
Minnesota Democratic 1991-2002 Paul Wellstone
75%
Illinois Republican 1999-2005 Peter Fitzgerald
75%
Alabama Democratic/Republican 1987-2023 Richard Shelby
75%
Ohio Republican 2011-2023 Rob Portman
75%
Wisconsin Republican 2011- Ron Johnson
75%
Oregon Democratic 1996- Ron Wyden
75%
Arizona Democratic 2025- Ruben Gallego
75%
Georgia Republican 2003-2015 Saxby Chambliss
75%
Michigan Republican 1995-2001 Spencer Abraham
75%
Wisconsin Democratic 2013- Tammy Baldwin
75%
Delaware Democratic 2009-2010 Ted Kaufman
75%
Arkansas Republican 1997-2003 Tim Hutchinson
75%
South Dakota Democratic 1997-2015 Tim Johnson
75%
Virginia Democratic 2013- Tim Kaine
75%
Montana Republican 2025- Tim Sheehy
75%
Delaware Republican 1971-2001 William Roth
75%
Pennsylvania Republican/Democratic 1981-2011 Arlen Specter
50%
Ohio Republican 2025- Bernie Moreno
50%
Tennessee Republican 1995-2007 Bill Frist
50%
Tennessee Republican 2021- Bill Hagerty
50%
Tennessee Republican 2007-2019 Bob Corker
50%
North Dakota Democratic 1992-2011 Byron Dorgan
50%
West Virginia Democratic 2010 Carte Goodwin
50%
Nebraska Republican 1997-2009 Chuck Hagel
50%
Virginia Democratic 1989-2001 Chuck Robb
50%
Florida Republican 1989-2001 Connie Mack
50%
Indiana Republican 2011-2017 Dan Coats
50%
New York Democratic 1977-2001 Daniel Patrick Moynihan
50%
Minnesota Independence 2002-2003 Dean Barkley
50%
North Carolina Republican 2003-2009 Elizabeth Dole
50%
New Jersey Democratic 2024 George Helmy
50%
Ohio Republican 1999-2011 George Voinovich
50%
Wisconsin Democratic 1989-2013 Herb Kohl
50%
New York Democratic 2001-2009 Hillary Clinton
50%
Rhode Island Democratic 1997- Jack Reed
50%
Nevada Democratic 2019- Jacky Rosen
50%
Missouri Democratic 2001-2002 Jean Carnahan
50%
New Hampshire Democratic 2009- Jeanne Shaheen
50%
Oregon Democratic 2009- Jeff Merkeley
50%
New Jersey Republican 2013 Jeffrey Chiesa
50%
North Carolina Republican 1973-2003 Jesse Helms
50%
South Carolina Republican 2005-2013 Jim DeMint
50%
Oklahoma Republican 1994-2023 Jim Inhofe
50%
Vermont Republican/Independent 1989-2007 Jim Jeffords
50%
West Virginia Republican 2025- Jim Justice
50%
Missouri Republican 2002-2007 Jim Talent
50%
Virginia Democratic 2007-2013 Jim Webb
50%
West Virginia Democratic/Independent 2010-2025 Joe Manchin
50%
Wyoming Republican 2007- John Barrasso
50%
Louisiana Democratic 1987-2005 John Breaux
50%
Texas Republican 2002- John Cornyn
50%
North Carolina Democratic 1999-2005 John Edwards
50%
Montana Democratic 2014-2015 John Walsh
50%
New Jersey Democratic 2001-2006 Jon Corzine
50%
North Carolina Democratic 2009-2015 Kay Hagan
50%
North Dakota Republican 2019- Kevin Cramer
50%
Missouri Republican 1987-2011 Kit Bond
50%
Tennessee Republican 2003-2021 Lamar Alexander
50%
Rhode Island Republican 1999-2007 Lincoln Chafee
50%
Washington Democratic 2001- Maria Cantwell
50%
Georgia Democratic 1997-2003 Max Cleland
50%
Ohio Republican 1995-2007 Mike DeWine
50%
Wyoming Republican 1997-2021 Mike Enzi
50%
Nebraska Republican 2009-2015 Mike Johanns
50%
Vermont Democratic 1975-2023 Patrick Leahy
50%
Washington Democratic 1993- Patty Murray
50%
New Mexico Republican 1973-2009 Pete Domenici
50%
Vermont Democratic 2023- Peter Welch
50%
Pennsylvania Republican 1995-2007 Rick Santorum
50%
Wisconsin Democratic 1993-2011 Russ Feingold
50%
Rhode Island Democratic 2007- Sheldon Whitehouse
50%
West Virginia Republican 2015- Shelly Moore Capito
50%
South Carolina Democratic/Republican 1954-1956; 1956-2003 Strom Thurmond
50%
North Carolina Republican 2015- Thom Tillis
50%
Oklahoma Republican 2005-2015 Tom Coburn
50%
Colorado Republican 1997-2009 Wayne Allard
50%
Wyoming Republican 1995-2007 Craig Thomas
25%
Wyoming Republican 2021- Cynthia Lummis
25%
Oklahoma Republican 1981-2005 Don Nickles
25%
Tennessee Republican 1994-2003 Fred Thompson
25%
South Carolina Democratic 1966-2005 Fritz Hollings
25%
Virginia Republican 2001-2007 George Allen
25%
West Virginia Democratic 1985-2015 Jay Rockefeller
25%
New Mexico Democratic 1983-2013 Jeff Bingaman
25%
South Dakota Republican 2005- John Thune
25%
New Hampshire Republican 1993-2011 Judd Gregg
25%
Texas Republican 1993-2013 Kay Bailey Hutchison
25%
North Dakota Democratic 1987-2013 Kent Conrad
25%
Tennessee Republican 2019- Marsha Blackburn
25%
South Dakota Republican 2015- Mike Rounds
25%
Utah Republican 1977-2019 Orrin Hatch
25%
Georgia Republican 1993-2000 Paul Coverdell
25%
Texas Republican 1985-2002 Phil Gramm
25%
Nevada Democratic 1989-2001 Richard Bryan
25%
West Virginia Democratic 1959-2010 Robert Byrd
25%
New Jersey Democratic 1997-2003 Robert Torricelli
25%
Minnesota Republican 1995-2001 Rod Grams
25%
Washington Republican 1981-1987; 1989-2001 Slade Gorton
25%
North Carolina Republican 2023- Ted Budd
25%
Texas Republican 2013- Ted Cruz
25%
South Dakota Democratic 1987-2005 Tom Daschle
25%
Massachusetts Democratic 2013 Mo Cowan
0%
No matching quizzes found
Score Distribution
Percent of People with Each Score
Percentile by Number Answered
Your Score History
You have not taken this quiz since the last reset